000 00284nam a2200145Ia 4500
100 _aHan Jiawei/ Kamber
942 _cBK
366 _f17.5
245 _aData Mining
260 _bElsevier
_c2006
082 _a005.74/HAN
_bHAN
300 _a770
546 _aENGLISH
999 _c22144
_d22144